L'exercice de la médecine et le charlatanisme
Guardat en:
| Autor principal: | |
|---|---|
| Format: | Llibre |
| Idioma: | francès |
| Publicat: |
París
J. B. Baillière et Fils
1899
|
| Col·lecció: | Cours de Médecine Légale
|
| Matèries: | |
| Etiquetes: |
Afegir etiqueta
Sense etiquetes, Sigues el primer a etiquetar aquest registre!
|
MARC
| LEADER | 00000nam a2200000 a 4500 | ||
|---|---|---|---|
| 001 | UCT8954 | ||
| 003 | CL-VaPUC | ||
| 008 | 970326e18990000FR |||||||||||||||||fre|d | ||
| 082 | 0 | 4 | |a 344.04 |b BRO |2 21 |
| 100 | 0 | |a Brouardel, P |e author |9 381261 | |
| 245 | 1 | 2 | |a L'exercice de la médecine et le charlatanisme |
| 300 | |a 564 p | ||
| 942 | |c BK | ||
| 945 | |d 19970326 00:00:00 |a lriquelm | ||
| 260 | |a París |b J. B. Baillière et Fils |c 1899 | ||
| 650 | 0 | |a Responsabilidad médica |9 357519 | |
| 650 | 7 | |a EJERCICIO ILEGAL DE LA PROFESION |2 CL-VaPUC |9 381262 | |
| 650 | 0 | |a Ética médica |9 312024 | |
| 650 | 0 | |a Médicos |9 339460 | |
| 583 | |a last modification |c 19970326 00:00:00 |k Rodrigo Vera | ||
| 490 | 0 | |a Cours de Médecine Légale | |
| 999 | |c 257425 |d 257423 | ||
| 952 | |0 0 |1 0 |4 0 |6 344_040000000000000_BRO_1899 |7 0 |8 X |9 280875 |a BIBDER |b BIBDER |d 2019-11-19 |i 1816772 |o 344.04 BRO 1899 |p 1816772 |r 2023-01-25 |w 2019-11-19 |y BK_X |k DER | ||